Psicología del ciclo vital / (Record no. 84762)

MARC details
000 -CABECERA
campo de control de longitud fija 00590nam a2200217 a 4500
005 - FECHA Y HORA DE LA ÚLTIMA TRANSACCIÓN
campo de control 20240906063740.0
008 - ELEMENTOS DE LONGITUD FIJA--INFORMACIÓN GENERAL
campo de control de longitud fija 010903s2000 r 000 0 eng d
020 ## - NÚMERO INTERNACIONAL NORMALIZADO PARA LIBROS
Número Internacional Estándar del Libro 8483162806
035 ## - NÚMERO DE CONTROL DEL SISTEMA
Número de control de sistema UPN01000110853
049 ## - COLECCIÓN
Colección CG
050 #4 - SIGNATURA TOPOGRÁFICA DE LA BIBLIOTECA DEL CONGRESO
Número de clasificación BF713
Número de documento/Ítem P7.43
245 00 - MENCIÓN DE TÍTULO
Título Psicología del ciclo vital /
Mención de responsabilidad, etc. coord. Eugenio González.
260 ## - PUBLICACIÓN, DISTRIBUCIÓN, ETC.
Lugar de publicación, distribución, etc. Madrid :
Nombre del editor, distribuidor, etc. CCS,
Fecha de publicación, distribución, etc. 2000.
300 ## - DESCRIPCIÓN FÍSICA
Extensión 435 p. :
Otras características físicas il.
440 #0 - MENCIÓN DE SERIE/ASIENTO SECUNDARIO--TÍTULO
Título Campus ;
Designación de volumen o secuencia 15
650 #4 - ASIENTO SECUNDARIO DE MATERIA - TERMINO TEMATICO
Término de materia o nombre geográfico como elemento de entrada Psicología evolutiva
9 (RLIN) 8053
650 #4 - ASIENTO SECUNDARIO DE MATERIA - TERMINO TEMATICO
Término de materia o nombre geográfico como elemento de entrada Desarrollo infantil
9 (RLIN) 176
700 1# - ASIENTO SECUNDARIO--NOMBRE DE PERSONAL
Nombre de persona González, Eugenio,
Término indicativo de función/relación coord.
905 ## - TIPO DE MATERIAL
Tipo de material Libro
Holdings
Estado de retiro Estado de pérdida Fuente del sistema de clasificación o colocación Estado dañado No para préstamo Código de colección Localización permanente Ubicación/localización actual Ubicación en estantería Fecha de adquisición Enumeración/cronología de publicación seriada Total de préstamos Renovaciones totales Clasificación Código de barras Fecha visto por última vez Fecha del último préstamo Número de copia Tipo de ítem Koha
    Library of Congress Classification     Colección General Bib. Gregorio Torres Quintero Bib. Gregorio Torres Quintero Planta baja 30/01/2024 - 93 1 BF713 P7.43 220650 06/06/2025 16/05/2025 1 Libro
    Library of Congress Classification     Colección General Bib. Gregorio Torres Quintero Bib. Gregorio Torres Quintero Planta baja 09/08/2022 - 108 1 BF713 P7.43 219246 30/05/2023 16/05/2023 1 Libro
    Library of Congress Classification     Colección General Bib. Gregorio Torres Quintero Bib. Gregorio Torres Quintero Planta baja   - 98   BF713 P7.43 193614 31/12/2020   1 Libro
    Library of Congress Classification     Colección General Bib. Gregorio Torres Quintero Bib. Gregorio Torres Quintero Planta baja   - 104   BF713 P7.43 195422 31/12/2020   1 Libro
    Library of Congress Classification     Colección General Bib. Gregorio Torres Quintero Bib. Gregorio Torres Quintero Planta baja   - 93   BF713 P7.43 184374 31/12/2020   1 Libro
    Library of Congress Classification   Encuadernación Colección General Bib. Gregorio Torres Quintero Bib. Gregorio Torres Quintero Planta baja   - 50   BF713 P7.43 219245 31/12/2020   1 Libro